He-Man and the Masters of the Universe - Trivia - Statistics

General Stats
  • This quiz has been taken 54 times
  • The average score is 16 of 20
Answer Stats
Hint Answer % Correct
Powerful warrior he changes into He-Man
100%
Main evil antagonist Skeletor
98%
Prince, main character Adam
92%
Ancestral fortress, central place of battlesbetween Good and Evil Castle Grayskull
90%
Weapons master and combat instructor Man-at-Arms
88%
Powerful beast he changes into Battle-Cat
86%
His "fearless" feline friend Cringer
86%
His daughter, Captain of the Royal Guard Teela
86%
Little wizard able to float in the air Orko
84%
Planet the story takes place on Eternia
82%
Red-furred ape-like evil henchman Beast Man
80%
Powerful evil witch Evil-Lyn
80%
Toy brand, creator and owner of the franchise Mattel
80%
Twin sister of the main character She-Ra
80%
Mystic guardian of this castle The Sorceress
78%
Evil cyborg who can bite through anything Trap-Jaw
76%
Evil aquatic minion with blue scales Mer-man
73%
Bounty hunter with a 3 eyed-rotating helmet Triklops
73%
Multi-faced warrior Man-e-Faces
69%
His purple feline companion Panthor
61%
No matching quizzes found
Score Distribution
Percent of People with Each Score
Percentile by Number Answered
Your Score History
You have not taken this quiz